brave bear / (رقم التسجيلة. 136276)

تفاصيل مارك
000 -LEADER
fixed length control field 00416nam a22001577a 4500
005 - DATE AND TIME OF LATEST TRANSACTION
control field 20251108175529.0
008 - FIXED-LENGTH DATA ELEMENTS--GENERAL INFORMATION
fixed length control field 250721s1999 xx 000 0 eng d
082 14 - DEWEY DECIMAL CLASSIFICATION NUMBER
Classification number J/F/MAL
100 1# - MAIN ENTRY--PERSONAL NAME
Personal name mallat, kathy
245 10 - TITLE STATEMENT
Title brave bear /
264 1# - PRODUCTION, PUBLICATION, DISTRIBUTION, MANUFACTURE, AND COPYRIGHT NOTICE
Place of production, publication, distribution, manufacture newyork :
Name of producer, publisher, distributor, manufacturer walker and company,
Date of production, publication, distribution, manufacture, or copyright notice 1999.
650 17 - SUBJECT ADDED ENTRY--TOPICAL TERM
Topical term or geographic name as entry element FICTION
653 ## - INDEX TERM--UNCONTROLLED
Uncontrolled term اطفال مرحلة متوسطة (4-6) سنوات
942 ## - ADDED ENTRY ELEMENTS (KOHA)
Source of classification or shelving scheme Dewey Decimal Classification
Koha item type كتب
المقتنيات
حالة السحب حالة الفقدان مصدر التصنيف حالة التلف غير قابل للإعارة المكتبة الرئيسية المكتبة الحالية موقع الرف تاريخ التزويد الرقم المتسلسل Total Checkouts رقم الإستدعاء الباركود تاريخ آخر ظهور تاريخ الفاتورة نوع المادة (كوها)
    Dewey Decimal Classification     المكتبة المركزية المكتبة المركزية الأطفال 28/07/2025 1660044   J/F/MAL PLD00405099 28/07/2025 28/07/2025 كتب
    Dewey Decimal Classification     مكتبة أبو علندا العامة مكتبة أبو علندا العامة الأطفال 15/10/2018 1660047   J/F/MAL PLD00435713 28/07/2025 15/10/2018 كتب
    Dewey Decimal Classification     مكتبة الجويدة مكتبة الجويدة الأطفال 15/10/2018 1660046   J/F/MAL PLD00435712 28/07/2025 15/10/2018 كتب
    Dewey Decimal Classification     مكتبة الياسمين للأطفال مكتبة الياسمين للأطفال الأطفال 15/10/2018 1660048   J/F/MAL PLD00435714 28/07/2025 15/10/2018 كتب
    Dewey Decimal Classification     مكتبة حمزة العامة مكتبة حمزة العامة الأطفال 15/10/2018 1660045   J/F/MAL PLD00435711 28/07/2025 15/10/2018 كتب
Implemented & Customized by: BBB with SCIT (Smart Chains for Information Technology)

Powered by Koha